Guess 6 senegalese footballers by image - Statistics

General Stats
  • This quiz has been taken 141 times
  • The average score is 5 of 6
Answer Stats
Picture Answer % Correct
Sadio Mané
100%
Edouard Mendy
94%
Kalidou Koulibaly
87%
Idrissa Gueye
72%
Ismaila Sarr
64%
El Hadji Diouf
39%
No matching quizzes found
Score Distribution
Percent of People with Each Score
Percentile by Number Answered
Your Score History
You have not taken this quiz